Congreso iberoamericano de Academias de la Historia: los estudios históricos como expresión de la cultura nacional
Kaydedildi:
| Müşterek Yazar: | |
|---|---|
| Materyal Türü: | Kitap |
| Dil: | İspanyolca |
| Baskı/Yayın Bilgisi: |
Santiago, Chile
Academia Chilena de la Historia
1996
|
| Konular: | |
| Etiketler: |
Etiketle
Etiket eklenmemiş, İlk siz ekleyin!
|
MARC
| LEADER | 00000nam a2200000 a 4500 | ||
|---|---|---|---|
| 001 | UCQ2880 | ||
| 003 | CL-VaPUC | ||
| 005 | 20220315074415.0 | ||
| 008 | 980731e19960000cl 1 spa d | ||
| 999 | |c 383241 |d 383239 | ||
| 040 | |c Pontificia Universidad Católica de Valparaíso | ||
| 082 | 0 | 4 | |a 980 ACA 1996 |2 21 |
| 110 | 2 | |a Academia Chilena de la Historia |e author |9 619081 | |
| 245 | 1 | 0 | |a Congreso iberoamericano de Academias de la Historia: |b los estudios históricos como expresión de la cultura nacional |
| 260 | |a Santiago, Chile |b Academia Chilena de la Historia |c 1996 | ||
| 300 | |a 388 páginas | ||
| 518 | |p Congreso de Academias Iberoamericanas de la Historia, 5, Santiago, 14 al 18 de Octubre de 1996 | ||
| 546 | |a En Español | ||
| 583 | |a last modification |c 19980731 00:00:00 |k Rodrigo Vera | ||
| 650 | 0 | 0 | |a Historia |x HISTORIA DE ESPAÑA |9 255047 |
| 650 | 0 | 0 | |a Congresos |9 257560 |
| 852 | |a BIBCUR | ||
| 942 | |c BK |2 ddc | ||
| 945 | |a aarredon |d 19980731 00:00:00 | ||
| 952 | |0 0 |1 0 |2 ddc |4 0 |6 980_000000000000000_ACA_1996 |7 0 |8 A |9 505302 |a BIBHIS |b BIBHIS |d 2020-01-23 |i 3448258 |o 980 ACA 1996 |p 3448258 |r 2025-01-20 |t 1 |w 2020-01-23 |y BK |k HIS | ||